000 00536nam a2200193Ia 4500
005 20250923144724.0
008 008 250917s9999 xx 000 0 eng d
037 _aTextual
040 _aDSWL
_beng
_cDSWL
041 _aeng
_2eng
084 _aL:4:6.73'N49t, N56.2
_qDSWL
245 0 _aCare of the long-term patient
260 _aCambridge
_bHarvard University Press
_c1956
300 _axv,606p.
365 _aUSD
_b8.5
925 _g8.5
942 _cTEXL
_hL:4:6.73'N49t, N56.2
999 _c1442501
_d1442501